Asking the right questions : (Record no. 14625)

000 -LEADER
fixed length control field 00610nam a22001937a 4500
008 - FIXED-LENGTH DATA ELEMENTS--GENERAL INFORMATION
fixed length control field 161006b xxu||||| |||| 00| 0 eng d
020 ## - INTERNATIONAL STANDARD BOOK NUMBER
International Standard Book Number 9781292068701
050 ## - LIBRARY OF CONGRESS CALL NUMBER
Classification number PN 83 .B76 2014
100 ## - MAIN ENTRY--PERSONAL NAME
Personal name Browne M. Neil
245 ## - TITLE STATEMENT
Title Asking the right questions :
Remainder of title a guide to critical thinking/
Statement of responsibility, etc. M.Neil Browne and Stuart M. Keeley
250 ## - EDITION STATEMENT
Edition statement 11th ed.
260 ## - PUBLICATION, DISTRIBUTION, ETC. (IMPRINT)
Place of publication, distribution, etc. Boston :
Name of publisher, distributor, etc. Pearson education ,
Date of publication, distribution, etc. c2014
300 ## - PHYSICAL DESCRIPTION
Extent 185p. :
Other physical details ill. ;
500 ## - GENERAL NOTE
General note Includes index.
650 ## - SUBJECT ADDED ENTRY--TOPICAL TERM
Topical term or geographic name as entry element Critism
650 ## - SUBJECT ADDED ENTRY--TOPICAL TERM
Topical term or geographic name as entry element Critical thinking
700 ## - ADDED ENTRY--PERSONAL NAME
Personal name Keeley Stuart M.
942 ## - ADDED ENTRY ELEMENTS (KOHA)
Source of classification or shelving scheme
Koha item type Hard Covered Materials
Classification part PN 83 .B76 2014
Holdings
Withdrawn status Lost status Source of classification or shelving scheme Damaged status Not for loan Home library Current library Shelving location Date acquired Source of acquisition Cost, normal purchase price Total Checkouts Full call number Barcode Date last seen Price effective from Koha item type Date last checked out
          MACHAKOS UNIVERSITY LIBRARY MACHAKOS UNIVERSITY LIBRARY Open shelf 06/10/2016 Donation(Rattansi) 5737.07   PN 83 .B76 2014 26771 31/05/2019 06/10/2016 Hard Covered Materials  
          MACHAKOS UNIVERSITY LIBRARY MACHAKOS UNIVERSITY LIBRARY Open shelf 06/10/2016 Donation(Rattansi) 5737.07 2 PN 83 .B76 2014 26769 13/12/2022 06/10/2016 Hard Covered Materials 24/11/2022
          MACHAKOS UNIVERSITY LIBRARY MACHAKOS UNIVERSITY LIBRARY Open shelf 06/10/2016 Donation(Rattansi) 5737.07   PN 83 .B76 2014 26770 06/10/2016 06/10/2016 Hard Covered Materials  
          MACHAKOS UNIVERSITY LIBRARY MACHAKOS UNIVERSITY LIBRARY Open shelf 06/10/2016 Donation(Rattansi) 5737.07   PN 83 .B76 2014 26768 06/10/2016 06/10/2016 Hard Covered Materials  
© Machakos University Library, Along The Highway, Machakos Wote Rd, Machakos, Kenya P.O. Box 136 - 90100 Machakos - Kenya

Tel: ( +254 ) 723 805829 OR Fax : 044-20353 OR Email: library@mksu.ac.ke